Charakteristika znaleckej činnosti v Kazašskej republike
Charakteristika znaleckej činnosti v Kazachstane. Postavenie a úloha znalcov a znaleckej metodiky práce v procese dokazovania ekonomických trestných činov v Kazachstane.
Salvato in:
| Autore principale: | |
|---|---|
| Altri autori: | |
| Natura: | Capitolo di libro |
| Lingua: | slovacco |
| Soggetti: | |
| Tags: |
Nessun Tag, puoi essere il primo ad aggiungerne!!
|
MARC
| LEADER | 00000nla a2200000 4500 | ||
|---|---|---|---|
| 001 | 0207781 | ||
| 005 | 20240502073444.9 | ||
| 041 | 0 | |a slo | |
| 044 | |a SK | ||
| 245 | 1 | 0 | |a Charakteristika znaleckej činnosti v Kazašskej republike |c Gulzhan Sadueva, Andrej Kovalev |
| 520 | |a Charakteristika znaleckej činnosti v Kazachstane. Postavenie a úloha znalcov a znaleckej metodiky práce v procese dokazovania ekonomických trestných činov v Kazachstane. | ||
| 610 | 2 | 0 | |a Kazachstan |
| 610 | 2 | 0 | |a znalectvo |
| 610 | 2 | 0 | |a znalci |
| 610 | 2 | 0 | |a náročnosť profesionálna |
| 610 | 2 | 0 | |a profesiografia |
| 610 | 2 | 0 | |a posudky znalecké |
| 610 | 2 | 0 | |a zodpovednosť právna |
| 100 | 1 | |a Sadueva, Gulzhan | |
| 700 | 1 | |a Kovalev, Andrej | |